Quiz su Firenze - Statistics

Statistiche generali
  • Questo quiz è stato fatto 7 volte
  • Il punteggio medio è 13 su 15
Statistiche sulle risposte
Indizio Risposta % Corretto
Fiume che attraversa la città Arno
100%
Autore della "Divina Commedia" Dante Alighieri
100%
Opera di Michelangelo e simbolo della città David
100%
Famiglia a capo della città e del Granducato di Toscana De' Medici
100%
Museo in cui vedere "la nascita di Venere" Galleria degli Uffizi
100%
Pittore noto per aver disegnato un cerchio perfetto a mano libera Giotto
100%
Famoso ponte che attraversa il fiume della domanda precedente Ponte Vecchio
100%
Epoca storica successiva al medioevo che nacque a Firenze Rinascimento
100%
Nome della regione di cui è capoluogo Toscana
100%
Architetto che progettò la cupola del Duomo Filippo Brunelleschi
80%
Taglio alto di carne di vitello cotto al sangue Fiorentina
80%
Famoso marchio d'abbigliamento di alta moda nato a Firenze, in passato si occupava di pelletteria Gucci
80%
Firenze divenne capitale dal 1865 al 1871 di questo regno Regno d'Italia
80%
Antico palazzo sede del comune di Firenze Palazzo vecchio
40%
L'italiano moderno è basato su questa antica lingua parlata a Firenze Volgare fiorentino
40%
Nessun quiz corrispondente trovato
Distribuzione punteggi
Percentuale di utenti per punteggio
Percentile per numero di risposta
I tuoi punteggi nel tempo
Non hai fatto questo quiz